Pejsek vypravuje /

Hlavní autor: Adamcová, Marie G.
Korporativní autor: Knižní klub (nakladatelství)
Jazyk: Čeština
Vydáno: Praha : Euromedia Group, 1998
Vydání: Vyd. 1.
Témata:
psi
Externí odkaz: Digitalizovaný dokument
Fyzický popis: 46 s. : barev. il. ; 18 x 23 cm
Knihy
Uloženo v:
LEADER 01493nam a2200385 a 4500
001 000288620
003 CZ BrMZK
005 20160609155601.0
007 ta
008 980115s1998 xr f cze d
015 |a cnb000308772 
020 |a 80-7176-606-2  |q (Knižní klub ;  |q váz.) 
035 |a (OCoLC)39590662 
040 |a BOA001  |b cze 
072 7 |a 821.162.3-3  |x Česká próza  |2 Konspekt  |9 25 
072 7 |a 821-93  |x Literatura pro děti a mládež (beletrie)  |2 Konspekt  |9 26 
080 |a 82-93  |2 MRF 
080 |a 636.7.08  |2 MRF 
080 |a 821.162.3-3  |2 MRF 
100 1 |a Adamcová, Marie G.  |7 xx0024589  |4 aut  |4 ill 
245 1 0 |a Pejsek vypravuje /  |c [text a fotografie] Marie G. Adamcová 
250 |a Vyd. 1. 
260 |a Praha :  |b Euromedia Group,  |c 1998 
300 |a 46 s. :  |b barev. il. ;  |c 18 x 23 cm 
550 |a Vydavatel: Knižní klub, Praha 
650 0 7 |a psi  |7 ph115940  |2 czenas 
655 7 |a publikace pro děti  |7 fd133156  |2 czenas 
655 7 |a příběhy  |7 fd133204  |2 czenas 
710 2 |a Knižní klub (nakladatelství)  |7 kn20070401007 
856 4 1 |u http://www.digitalniknihovna.cz/mzk/uuid/uuid:79433540-05d8-11e4-9789-005056827e52  |y Digitalizovaný dokument  |x NDK 
910 |a BOA001  |b 2-1042.435  |b PK-0130.230 
920 |a 000325361 
990 |a BK 
996 6 |b 2610066536  |c 2-1042.435  |l MZK  |r Sklad / do 1 hodiny  |n 3  |p p.v.  |w 000288620  |u 000010  |a 1  |e BOA001  |j MZK50  |s P 
996 7 |b 3119013098  |c PK-0130.230  |l MZK  |r Sklad / do 1 hodiny  |n 1  |p kup  |w 000288620  |u 000020  |a 1  |e BOA001  |j MZK50  |s A